Актуальные проблемы современных социально-гуманитарных наук (Запись № 3158569)

Подробности
000 -МАРКЕР
контрольное поле 02183nam1a2200325 i 4500
001 - ИДЕНТИФИКАТОР ЗАПИСИ
контрольное поле RU\NLR\bibl\1920172
005 - ИДЕНТИФИКАТОР ВЕРСИИ
контрольное поле 20260408044336.0
010 ## - МЕЖДУНАРОДНЫЙ СТАНДАРТНЫЙ НОМЕР КНИГИ (ISBN)
Номер (ISBN) 9785794416701
035 ## - ДРУГИЕ СИСТЕМНЫЕ НОМЕРА
Идентификатор записи (NLR Aleph) 001909638
100 ## - ДАННЫЕ ОБЩЕЙ ОБРАБОТКИ
Данные общей обработки 20120702d2011 u y0rusy50 ca
101 0# - ЯЗЫК РЕСУРСА
Язык текста, звукозаписи и т.д. русский
102 ## - СТРАНА ПУБЛИКАЦИИ ИЛИ ПРОИЗВОДСТВА
Страна публикации Российская Федерация
105 ## - ПОЛЕ КОДИРОВАННЫХ ДАННЫХ: ТЕКСТОВЫЕ МАТЕРИАЛЫ, МОНОГРАФИЧЕСКИЕ
Кодированные данные о монографическом текстовом документе ||||z |||||
200 1# - ЗАГЛАВИЕ И СВЕДЕНИЯ ОБ ОТВЕТСТВЕННОСТИ
Основное заглавие Актуальные проблемы современных социально-гуманитарных наук
Сведения, относящиеся к заглавию материалы первой международной очно-заочной научно-практической конференции студентов, аспирантов, молодых ученых, педагогов и преподавателей, (1-4 июня 2011г.)
-- [в 2 ч.
Первые сведения об ответственности науч.-ред.: к.филос.н. К.В. Патырбаева]
210 ## - ПУБЛИКАЦИЯ, РАСПРОСТРАНЕНИЕ И ДР.
Место издания, распространения и т.д. Пермь
Имя издателя, распространителя и т. д. Кудымкар
Дата издания, распространения и т.д. 2011
215 ## - ФИЗИЧЕСКАЯ ХАРАКТЕРИСТИКА
Размеры 20
300 ## - ОБЩИЕ ПРИМЕЧАНИЯ
Текст примечания В надзаг.: М-во образования и науки РФ, ГОУВПО Перм. гос. ун-т, Некоммер. гуманит. фонд "Наследие наших деревень", М-во культуры, молодеж. политики и массовых коммуникаций Перм. края [и др.]
463 #0 - УРОВЕНЬ ФИЗИЧЕСКОЙ ЕДИНИЦЫ
Встроенное поле 0011804956
463 #0 - УРОВЕНЬ ФИЗИЧЕСКОЙ ЕДИНИЦЫ
Встроенное поле 0011804159
606 ## - НАИМЕНОВАНИЕ ТЕМЫ КАК ПРЕДМЕТ
Наименование темы Общественные науки
Формальный подзаголовок Съезды, совещания и т.п.
Системный номер авторитетной/нормативной записи 1112139
Идентификатор авторитетной/нормативной записи RU\NLR\auth\66119728
686 ## - ИНДЕКСЫ ДРУГИХ КЛАССИФИКАЦИЙ
Индекс С.я431
702 #1 - ИМЯ ЛИЦА - ВТОРИЧНАЯ ОТВЕТСТВЕННОСТЬ
Начальный элемент ввода Патырбаева
Часть имени, кроме начального элемента ввода К. В.
Расширение инициалов личного имени Ксения Вадимовна
Код отношения Редактор
711 12 - НАИМЕНОВАНИЕ ОРГАНИЗАЦИИ - АЛЬТЕРНАТИВНАЯ ОТВЕТСТВЕННОСТЬ
Начальный элемент ввода "Актуальные проблемы современных социально-гуманитарных наук", международная очно-заочная научно-практическая конференция студентов, аспирантов, молодых ученых, педагогов и преподавателей
Порядковый номер временной организации и / или порядковый номер ее части 1
Дата проведения временной организации 2011
Место проведения временной организации Пермь
Идентификатор авторитетной/нормативной записи RU\NLR\AUTH\8810192674
Системный номер авторитетной/нормативной записи 275399
801 #0 - ИСТОЧНИК ЗАПИСИ
Страна Российская Федерация
Организация NLR
Дата составления 20120702
Правила каталогизации RCR
801 #1 - ИСТОЧНИК ЗАПИСИ
Страна Российская Федерация
Организация NLR
Дата составления 20120702
852 ## - МЕСТОНАХОЖДЕНИЕ И ШИФР ХРАНЕНИЯ
Идентификатор организации NLR
Шифр хранения (Call Number) 2011-3/26638
942 ## - ДОПОЛНИТЕЛЬНЫЕ ЭЛЕМЕНТЫ ЗАПИСИ (АБИС)
Тип экземпляра АБИС Книга

Нет доступных экземпляров.